Teatro Completo

Bewaard in:
Bibliografische gegevens
Hoofdauteur: Brecht, Bertolt (Auteur)
Formaat: Boek
Taal:Spaans
Gepubliceerd in: Buenos Aires Nueva Visión 1966
Editie:2a. ed
Reeks:Teatro Universal
Onderwerpen:
Tags: Voeg label toe
Geen labels, Wees de eerste die dit record labelt!

MARC

LEADER 00000cam a2200000 a 4500
001 UCR3794
003 CL-VaPUC
008 980130e19660000AG |||||||||||||||||spa|d
082 0 4 |a 832  |b BRE  |2 21 
100 0 |a Brecht, Bertolt  |e author  |9 311649 
245 1 0 |a Teatro Completo 
250 |a 2a. ed 
300 |a v 
942 |c BK 
945 |d 19980130 00:00:00  |a aolguin 
260 |a Buenos Aires  |b Nueva Visión  |c 1966 
500 |a v.2: El circulo de tiza caucasiano - La excepción y la regla - El proceso de Lucullus 
500 |a v.4: El alma buena de Se-Chuan - Madre Coraje y sus hijos 
500 |a v.5: La ópera de dos centavos - Herr Puntila y su sirviente Matti 
650 0 |a Dramas alemanes   |9 266681 
650 0 |a Literatura alemana   |9 265457 
583 |a last modification  |c 20130320 01:16:22  |k Rodrigo Vera 
490 0 |a Teatro Universal 
999 |c 266818  |d 266816 
952 |0 0  |1 0  |4 0  |6 832_000000000000000_BRE_1966  |7 0  |8 A  |9 298800  |a BIBEDU  |b BIBEDU  |d 2019-11-20  |h v.5  |i 193645K  |o 832 BRE 1966  |p 193645K  |r 2019-11-20  |w 2019-11-20  |y BK  |k LIT 
952 |0 0  |1 0  |4 0  |6 832_000000000000000_BRE_1966  |7 0  |8 A  |9 298801  |a BIBEDU  |b BIBEDU  |d 2019-11-20  |h v.5  |i 1944169  |o 832 BRE 1966  |p 1944169  |r 2019-11-20  |w 2019-11-20  |y BK  |k LIT 
952 |0 0  |1 0  |4 0  |6 832_000000000000000_BRE_1966  |7 0  |8 A  |9 298802  |a BIBEDU  |b BIBEDU  |d 2019-11-20  |h v.5  |i 1944118  |o 832 BRE 1966  |p 1944118  |r 2019-11-20  |w 2019-11-20  |y BK  |k LIT 
952 |0 0  |1 0  |4 0  |6 832_000000000000000_BRE_1966  |7 0  |8 A  |9 298803  |a BIBEDU  |b BIBEDU  |d 2019-11-20  |h v.5  |i 1944061  |o 832 BRE 1966  |p 1944061  |r 2019-11-20  |w 2019-11-20  |y BK  |k LIT 
952 |0 0  |1 0  |4 0  |6 832_000000000000000_BRE_1966  |7 0  |8 P  |9 298804  |a BIBARQ  |b BIBARQ  |d 2019-11-20  |h v.4  |i 2639416  |o 832 BRE 1966  |p 2639416  |r 2025-01-20  |w 2019-11-20  |y BK  |k ARQ 
952 |0 0  |1 0  |4 0  |6 832_000000000000000_BRE_1966  |7 0  |8 P  |9 298805  |a BIBARQ  |b BIBARQ  |d 2019-11-20  |h v.5  |i 2639505  |o 832 BRE 1966  |p 2639505  |r 2025-01-20  |w 2019-11-20  |y BK  |k ARQ 
952 |0 0  |1 0  |4 0  |6 832_000000000000000_BRE_1966  |7 0  |8 A  |9 298806  |a BIBEDU  |b BIBEDU  |d 2019-11-20  |i 120985K  |o 832 BRE 1966  |p 120985K  |r 2019-11-20  |w 2019-11-20  |y BK  |k LIT 
952 |0 0  |1 0  |4 0  |6 832_000000000000000_BRE_1966  |7 0  |8 A  |9 298807  |a BIBEDU  |b BIBEDU  |d 2019-11-20  |h v.5  |i 4957067  |o 832 BRE 1966  |p 4957067  |r 2019-11-20  |w 2019-11-20  |y BK  |k LIT